书目信息 |
| 题名: |
游戏培训手册
|
|
| 作者: | 范小龙 编著 | |
| 分册: | ||
| 出版信息: | 北京 中国长安出版社 2003 |
|
| 页数: | 299页 | |
| 开本: | 23cm | |
| 丛书名: | ||
| 单 册: | ||
| 中图分类: | C975 | |
| 科图分类: | ||
| 主题词: | 企业管理--职业培训--游戏 , 职业培训 | |
| 电子资源: | ||
| ISBN: | 7-80175-114-0 | |
| 000 | 00928nam0 2200265 45 | |
| 001 | 0900000013282 | |
| 005 | 20051201154359.46 | |
| 010 | @a7-80175-114-0@dCNY29.80 | |
| 092 | @aCN | |
| 100 | @a20041008d2003 ekmy0chiy0120 ea | |
| 101 | 0 | @achi |
| 102 | @aCN@b110000 | |
| 105 | @aak z 000yy | |
| 200 | 1 | @a游戏培训手册@9you xi pei xun shou ce@f范小龙编著@Ffan xiao long bian zhu |
| 210 | @a北京@c中国长安出版社@d2003 | |
| 215 | @a299页@c图@d23cm | |
| 300 | @a推翻传统理论独创全新培训 | |
| 330 | @a本手册提供了几十个原创的、经过实际运用的精彩游戏,游戏主题包括基础素质拓展培训、创新管理、团队合作、领导能力、学习型组织的建立等;每个游戏均包括了游戏主题、游戏准备、开场白示例、游戏方法、效果评估讨论等几部分。 | |
| 606 | 0 | @a企业管理@x职业培训@x游戏 |
| 606 | 0 | @a职业培训 |
| 690 | @aC975@v4 | |
| 701 | 0 | @a范小龙@Afan xiao long@4编著 |
| 801 | 0 | @aCN@bCXYBOOK@c20051201 |
| 905 | @a10447@dC975@e31 | |
| 999 | @eSue | |
| 游戏培训手册/范小龙编著.-北京:中国长安出版社,2003 |
| 299页:图;23cm |
| 推翻传统理论独创全新培训 |
| ISBN 7-80175-114-0:CNY29.80 |
| 本手册提供了几十个原创的、经过实际运用的精彩游戏,游戏主题包括基础素质拓展培训、创新管理、团队合作、领导能力、学习型组织的建立等;每个游戏均包括了游戏主题、游戏准备、开场白示例、游戏方法、效果评估讨论等几部分。 |
| ● |
| 相关链接 |
|
|
|
|
正题名:游戏培训手册
索取号:C975/31
 
预约/预借
| 序号 | 登录号 | 条形码 | 馆藏地/架位号 | 状态 | 备注 |
| 1 | 0369869 | 203698695 | 第一样本阅览室/ [索取号:C975/31] | 在馆 | |
| 2 | 0369870 | 203698702 | 教育系资料室/ [索取号:C975/31] | 在馆 | |
| 3 | 0369871 | 203698711 | 第一借阅区/ [索取号:C975/31] | 在馆 | |
| 4 | 0369872 | 203698720 | 第一借阅区/ [索取号:C975/31] | 在馆 | |
| 5 | 0369873 | 203698739 | 教育系资料室/ [索取号:C975/31] | 在馆 |